Ciudades españolas que no son capitales de provincia - Estadísticas

Estadísticas generales
  • Esta prueba ha sido intentada 244 veces
  • La puntuación promedio es 10 de 20
Estadísticas de respuestas
Hint Respuesta % Correcto
Jerez de la Frontera Cádiz
91%
Cartagena Murcia
90%
Marbella Málaga
86%
Hospitalet Barcelona
81%
Aranjuez Madrid
81%
Elche Alicante/Alacant
78%
Motril Granada
76%
Gandía Valencia
74%
El Ejido Almería
72%
Torrelavega Cantabria
70%
Benicàssim Castellón/Castelló
70%
Gijón Asturias
68%
Calatayud Zaragoza
68%
Vigo Pontevedra
67%
Reus Tarragona
67%
Santiago de Compostela La Coruña/A Coruña
66%
La seu d'urgell Lérida/Lleida
64%
Ponferrada León
63%
Eibar Guipuzcoa/Gipuzkoa
61%
Jaca Huesca
61%
Puertollano Ciudad Real
59%
Baeza Jaén
57%
Almendralejo Badajoz
56%
San Cristóbal de la Laguna Santa Cruz de Tenerife
56%
Cadaqués Gerona/Girona
51%
Albarracín Teruel
51%
Aranda de Duero Burgos
50%
Aguilar de Campoo Palencia
47%
Écija Sevilla
45%
Monforte de Lemos Lugo
44%
Benavente Zamora
44%
Maó Baleares/Illes Balears
43%
Haro La Rioja
42%
Montilla Córdoba
39%
La Roda Albacete
38%
Arévalo Ávila
37%
Pedraza Segovia
37%
Molina de Aragón Guadalajara
35%
Sestao Vizcaya/Bizcaia
34%
Telde Las Palmas
32%
El Burgo de Osma Soria
32%
Coria Cáceres
31%
Verín Orense/Ourense
30%
Medina del Campo Valladolid
30%
Tafalla Navarra
27%
Madridejos Toledo
26%
Aracena Huelva
23%
Béjar Salamanca
22%
Mota del Cuervo Cuenca
17%
Llodio Álava/Araba
13%
No se encontraron pruebas coincidentes
Distribución de puntuación
Porcentaje de gente con cada puntuación
Porcentaje por número respondido
Historial de tus puntuaciones
No has intentado esta prueba.